[Event "Sunway Formentera op 3rd"]
[Site "Sant Ferran de ses Roques"]
[Date "2024.04.16"]
[Round "7"]
[White "Tsatsalashvili, Ketevan"]
[Black "Bauer, Thomas"]
[Result "1-0"]
[WhiteElo "2315"]
[BlackElo "2192"]
[PlyCount "101"]
[EventDate "2024.04.09"]
[EventType "swiss"]
[EventRounds "10"]
[EventCountry "ESP"]
[SourceTitle "CB17_2024"]
[SourceDate "2024.04.24"]
[SourceVersion "1"]
[SourceVersionDate "2024.04.24"]
[SourceQuality "1"]

1. d4 d6 2. Nf3 g6 3. g3 Nf6 4. Bg2 Bg7 5. 0-0 0-0 6. Re1 a5 7. e4 c6 8. e5 dxe5 9. Nxe5 Na6 10. c3 Be6 11. Nd2 Nc7 12. Ndc4 Nce8 13. Ne3 a4 14. Nd3 Bd5 15. Nxd5 cxd5 16. Nc5 a3 17. Nxb7 axb2 18. Bxb2 Qc7 19. Nc5 Nd6 20. a4 e6 21. Ba3 h5 22. Bb4 h4 23. Qd2 Nh5 24. Bf1 Kh7 25. Bd3 Rh8 26. Qg5 hxg3 27. hxg3 Kg8 28. Kg2 Re8 29. a5 Bf6 30. Qg4 Ng7 31. Qf4 Nh5 32. Qf3 Kg7 33. a6 Nc8 34. Bb5 Reg8 35. Bd7 Kh7 36. Rh1 Kg7 37. Bxe6 Nd6 38. Bxd5 Qa7 39. Nb7 Nb5 40. Bc5 Qb8 41. a7 Qc7 42. Rab1 Nf4+ 43. gxf4 Rxh1 44. Rxh1 Be7 45. Rb1 Na3 46. Bxa3 Bxa3 47. Nc5 Bxc5 48. dxc5 Qxa7 49. Rb7 Qxc5 50. Rxf7+ Kh6 51. Qh3# 1-0

[Event "Bolzano op 19th"]
[Site "Bolzano"]
[Date "2024.02.04"]
[Round "4"]
[White "Bodrov, Timofey"]
[Black "Bauer, Thomas"]
[Result "1/2-1/2"]
[WhiteElo "2102"]
[BlackElo "2234"]
[PlyCount "178"]
[EventDate "2024.02.02"]
[EventType "swiss"]
[EventRounds "5"]
[EventCountry "ITA"]
[SourceTitle "CB07_2024"]
[SourceDate "2024.02.14"]
[SourceVersion "1"]
[SourceVersionDate "2024.02.14"]
[SourceQuality "1"]

1. e4 d6 2. d4 g6 3. Nc3 Nf6 4. Bg5 Bg7 5. Qd2 h6 6. Bh4 c6 7. f4 0-0 8. 0-0-0 b5 9. Bd3 b4 10. Nce2 d5 11. e5 Ne4 12. Qxb4 Re8 13. Nc3 f5 14. exf6 exf6 15. Nxe4 dxe4 16. Bc4+ Kh7 17. Ne2 Na6 18. Qa4 Qb6 19. f5 g5 20. Bg3 Nc7 21. Qb3 Qxb3 22. axb3 Nd5 23. Bxd5 cxd5 24. Rhf1 Ba6 25. Rde1 Rac8 26. Rf2 h5 27. Nc3 Red8 28. h3 Bf8 29. Nd1 Rc6 30. Kd2 Bb4+ 31. c3 Bf8 32. Ne3 Bd3 33. Ra1 a6 34. Bh2 Rd7 35. g4 h4 36. Rg2 Be7 37. Rgg1 Bd8 38. b4 Rb6 39. Ra5 Bb5 40. Rga1 Rc6 41. R5a3 Kg7 42. R3a2 Kf7 43. Ra3 Kg8 44. R3a2 Kh8 45. Ra3 Kh7 46. R3a2 Kg7 47. Ra3 Kf7 48. R3a2 Ke8 49. Ra3 Be7 50. R3a2 Kf8 51. Ra3 Kg8 52. R3a2 Kh8 53. Ra3 Kh7 54. R3a2 Kg7 55. Ra3 Kf7 56. R3a2 Kf8 57. Ra3 Ke8 58. R3a2 Kd8 59. Ra3 Kc8 60. R3a2 Kb7 61. Ra3 Ka8 62. R3a2 Ka7 63. Ra3 Kb6 64. R3a2 Kb7 65. Ra3 Rc8 66. R3a2 Kb6 67. Ra5 Rdd8 68. R5a3 Kb7 69. R3a2 Ra8 70. Ra5 Kc6 71. R5a2 Rd7 72. Ra5 Bd8 73. R5a3 Bb6 74. R3a2 Rh7 75. Ra3 Rg7 76. R3a2 Rf7 77. Ra3 Re7 78. R3a2 Rd7 79. Ra3 Rdd8 80. R3a2 Bd3 81. Ra3 Rd7 82. R3a2 Rb7 83. Kc1 Rc8 84. Kd2 Rd7 85. Ra3 Re7 86. R3a2 Rf7 87. Ra3 Rb7 88. Rc1 Rd8 89. Rca1 Rdd7 1/2-1/2

[Event "Bolzano op 19th"]
[Site "Bolzano"]
[Date "2024.02.02"]
[Round "1"]
[White "Bauer, Thomas"]
[Black "Falkensteiner, Benjamin"]
[Result "1-0"]
[WhiteElo "2234"]
[BlackElo "1851"]
[PlyCount "51"]
[EventDate "2024.02.02"]
[EventType "swiss"]
[EventRounds "5"]
[EventCountry "ITA"]
[SourceTitle "CB07_2024"]
[SourceDate "2024.02.14"]
[SourceVersion "1"]
[SourceVersionDate "2024.02.14"]
[SourceQuality "1"]

1. e4 c6 2. Nc3 d5 3. Nf3 dxe4 4. Nxe4 Nf6 5. Ng3 g6 6. d4 Bg7 7. Be2 0-0 8. 0-0 Nbd7 9. a4 c5 10. d5 Re8 11. Ra3 e6 12. dxe6 Rxe6 13. Bf4 Ne4 14. Bc4 Nxg3 15. fxg3 Re4 16. Bxf7+ Kh8 17. Bd5 Re8 18. Ng5 Ne5 19. Re3 h6 20. Rxe5 hxg5 21. Bxg5 Bxe5 22. Bxd8 Rxd8 23. Qf3 Rb8 24. c3 b6 25. Qe4 Bg7 26. Qh4+ 1-0

[Event "AUT-ch"]
[Site "Vienna"]
[Date "2023.07.30"]
[Round "9"]
[White "Bauer, Thomas"]
[Black "Borrmann, Laurenz"]
[Result "0-1"]
[WhiteElo "2132"]
[BlackElo "2292"]
[PlyCount "132"]
[EventDate "2023.07.22"]
[EventType "swiss"]
[EventRounds "9"]
[EventCountry "AUT"]
[SourceTitle "CBM 215 Extra"]
[Source "ChessBase"]
[SourceDate "2023.09.30"]
[SourceVersion "1"]
[SourceVersionDate "2023.09.30"]
[SourceQuality "1"]

1. e4 c6 2. Nc3 d5 3. Nf3 dxe4 4. Nxe4 Nf6 5. Ng3 c5 6. Bb5+ Nbd7 7. 0-0 a6 8. Be2 g6 9. d4 cxd4 10. Qxd4 Bg7 11. Qh4 h6 12. Re1 b5 13. a4 bxa4 14. Rxa4 Nd5 15. Rd1 e6 16. Qxd8+ Kxd8 17. Ne4 f5 18. Nd6 Ke7 19. Nxc8+ Rhxc8 20. c3 a5 21. Nd4 Nc5 22. Ra3 Rab8 23. Bf3 Bxd4 24. cxd4 Nb3 25. Bxh6 Rc2 26. Re1 Kd7 27. Bd1 Rxb2 28. Bxb3 R8xb3 29. Rxa5 Rb1 30. Ra7+ Ke8 31. Ra1 Rxe1+ 32. Rxe1 Kf7 33. h3 Nc3 34. Kh2 Rb1 35. Re3 Nd5 36. Ra3 Rb7 37. Ra8 Rd7 38. Rf8+ Ke7 39. Rg8 Kf6 40. f4 Ne3 41. Rc8 Nf1+ 42. Kg1 Ng3 43. Kf2 Ne4+ 44. Ke3 Rh7 45. Bf8 Rb7 46. Rc2 Rb3+ 47. Ke2 Nc3+ 48. Kf2 Kf7 49. Bc5 Nd1+ 50. Ke1 Nc3 51. Kd2 Ne4+ 52. Kc1 Ke8 53. Ba7 Kd7 54. Ra2 Kc6 55. Ra6+ Kd5 56. Ra4 Rc3+ 57. Kb1 Rg3 58. Ra5+ Kc4 59. Ra6 Nc3+ 60. Ka1 Rxg2 61. h4 Kd3 62. d5 exd5 63. Bc5 Rc2 64. Bf8 Rc1+ 65. Kb2 Rb1+ 66. Ka3 Ra1+ 0-1

[Event "St Veit op 42nd"]
[Site "St Veit"]
[Date "2023.07.12"]
[Round "6"]
[White "Hresc, Vladimir"]
[Black "Bauer, Thomas"]
[Result "1-0"]
[WhiteElo "2279"]
[BlackElo "2132"]
[PlyCount "81"]
[EventDate "2023.07.08"]
[EventType "swiss"]
[EventRounds "9"]
[EventCountry "AUT"]
[SourceTitle "CBM 215 Extra"]
[Source "ChessBase"]
[SourceDate "2023.09.30"]
[SourceVersion "1"]
[SourceVersionDate "2023.09.30"]
[SourceQuality "1"]

1. e4 d6 2. d4 Nf6 3. Nc3 g6 4. Nf3 Bg7 5. Be2 0-0 6. 0-0 a6 7. a4 Nc6 8. h3 e5 9. Be3 exd4 10. Nxd4 Re8 11. Nxc6 bxc6 12. Bf3 Rb8 13. Rb1 Nd7 14. Qd2 Qe7 15. b3 Qf6 16. Nd1 Nb6 17. Nb2 c5 18. a5 Nd7 19. Nc4 Qc3 20. Rfe1 Ne5 21. Nxe5 Bxe5 22. Be2 Bf6 23. Bd3 Rb4 24. Qe2 Qe5 25. Bd2 Rb8 26. Bxa6 Bd7 27. Bd3 Bc6 28. a6 Bh4 29. Qg4 Qe7 30. Bc3 Qd8 31. Bc4 Bf6 32. Qf3 Kg7 33. Re3 Rf8 34. Re2 Ra8 35. Ra1 Ra7 36. Qd3 Re8 37. e5 dxe5 38. Qxd8 Rxd8 39. Bxe5 Rb8 40. Ra5 Bb7 41. Bxc7 1-0

[Event "St Veit op 42nd"]
[Site "St Veit"]
[Date "2023.07.10"]
[Round "4"]
[White "Rogic, Davor"]
[Black "Bauer, Thomas"]
[Result "1/2-1/2"]
[WhiteElo "2446"]
[BlackElo "2132"]
[PlyCount "43"]
[EventDate "2023.07.08"]
[EventType "swiss"]
[EventRounds "9"]
[EventCountry "AUT"]
[SourceTitle "CBM 215 Extra"]
[Source "ChessBase"]
[SourceDate "2023.09.30"]
[SourceVersion "1"]
[SourceVersionDate "2023.09.30"]
[SourceQuality "1"]

1. e4 d6 2. d4 Nf6 3. Nc3 g6 4. h3 Bg7 5. g4 h5 6. g5 Ng8 7. Nge2 e6 8. Bg2 Ne7 9. 0-0 c6 10. a4 0-0 11. a5 Na6 12. Be3 d5 13. Qd2 Nc7 14. Bf4 Ne8 15. b3 Nd6 16. f3 Nb5 17. e5 Nf5 18. Na4 Qe7 19. c4 Nc7 20. Rfd1 Rd8 21. Qe1 Bf8 22. c5 1/2-1/2

[Event "St Veit op 42nd"]
[Site "St Veit"]
[Date "2023.07.09"]
[Round "3"]
[White "Bauer, Thomas"]
[Black "Sandhoefner, Florian"]
[Result "1-0"]
[WhiteElo "2132"]
[BlackElo "2314"]
[PlyCount "87"]
[EventDate "2023.07.08"]
[EventType "swiss"]
[EventRounds "9"]
[EventCountry "AUT"]
[SourceTitle "CBM 215 Extra"]
[Source "ChessBase"]
[SourceDate "2023.09.30"]
[SourceVersion "1"]
[SourceVersionDate "2023.09.30"]
[SourceQuality "1"]

1. e4 c5 2. Nf3 d6 3. d4 cxd4 4. Nxd4 Nf6 5. Nc3 Nc6 6. Bg5 Qb6 7. Bxf6 gxf6 8. Nb3 e6 9. Qd2 a6 10. 0-0-0 Na5 11. Kb1 Nxb3 12. cxb3 Bd7 13. Rc1 Be7 14. Rc2 0-0 15. Bd3 Kh8 16. g4 Rg8 17. h3 Rac8 18. Rd1 Qa5 19. f4 b5 20. f5 Qd8 21. Ne2 Rxc2 22. Bxc2 Bc6 23. Qe3 e5 24. Qa7 Qd7 25. Qe3 Qb7 26. Nc3 Rc8 27. b4 Kg7 28. Bb3 Ra8 29. h4 Qa7 30. Qd2 h6 31. Bd5 Rc8 32. Qe2 Bxd5 33. Nxd5 Bd8 34. Qf3 Qb7 35. g5 fxg5 36. f6+ Kf8 37. hxg5 Qc6 38. Qd3 hxg5 39. Rh1 Bxf6 40. Nxf6 Kg7 41. Qf1 Qc4 42. Rh7+ Kf8 43. Rh8+ Kg7 44. Nh5+ 1-0

[Event "St Veit op 42nd"]
[Site "St Veit"]
[Date "2023.07.08"]
[Round "1"]
[White "Bauer, Thomas"]
[Black "Ramusch, Arnulf"]
[Result "1-0"]
[WhiteElo "2132"]
[BlackElo "1862"]
[PlyCount "71"]
[EventDate "2023.07.08"]
[EventType "swiss"]
[EventRounds "9"]
[EventCountry "AUT"]
[SourceTitle "CBM 215 Extra"]
[Source "ChessBase"]
[SourceDate "2023.09.30"]
[SourceVersion "1"]
[SourceVersionDate "2023.09.30"]
[SourceQuality "1"]

1. d4 d5 2. Nf3 Nf6 3. g3 e6 4. Bg2 Be7 5. 0-0 0-0 6. c4 b6 7. Qc2 Bb7 8. Rd1 Qc8 9. cxd5 exd5 10. Nc3 c6 11. Bf4 Nbd7 12. Rac1 Re8 13. Qb1 Qd8 14. Bh3 Nf8 15. Nb5 Ne6 16. Bxe6 fxe6 17. Nc7 Qd7 18. Nxa8 Rxa8 19. b4 Qe8 20. Ng5 Bf8 21. Be5 Qe7 22. a3 h6 23. Bxf6 gxf6 24. Qg6+ Bg7 25. Qh7+ Kf8 26. Nf3 Ke8 27. Rc3 b5 28. e4 dxe4 29. Qxe4 f5 30. Qe2 Rd8 31. Ne5 Bxe5 32. dxe5 Rd5 33. Rxd5 exd5 34. Qh5+ Kd8 35. Qxf5 Bc8 36. Qf6 1-0

[Event "EU-ch 23rd"]
[Site "Vrnjacka Banja"]
[Date "2023.03.13"]
[Round "11"]
[White "Shadyev, Damir"]
[Black "Bauer, Thomas"]
[Result "0-1"]
[WhiteElo "1712"]
[BlackElo "2151"]
[PlyCount "66"]
[EventDate "2023.03.03"]
[EventType "swiss"]
[EventRounds "11"]
[EventCountry "SRB"]
[SourceTitle "CBM 213"]
[Source "ChessBase"]
[SourceDate "2023.04.30"]
[SourceVersion "1"]
[SourceVersionDate "2023.04.30"]
[SourceQuality "1"]

1. e4 c5 2. Nc3 d6 3. g3 g6 4. Bg2 Bg7 5. f4 Nc6 6. d3 Rb8 7. a4 Nd4 8. Nf3 e6 9. Ne2 Nxf3+ 10. Bxf3 Ne7 11. 0-0 b6 12. c3 d5 13. e5 h5 14. Be3 0-0 15. Bf2 Bb7 16. Qd2 d4 17. Bxb7 dxc3 18. bxc3 Rxb7 19. a5 Rd7 20. d4 bxa5 21. Qa2 cxd4 22. cxd4 Nc6 23. Qa4 Rc7 24. Rfc1 Qd7 25. Rc3 Rfc8 26. Rac1 Qd5 27. Rc5 Qf3 28. d5 Nxe5 29. Rxc7 Rxc7 30. Rxc7 Nd3 31. Bd4 Ne1 32. Rc8+ Kh7 33. Rh8+ Bxh8 0-1

[Event "EU-ch 23rd"]
[Site "Vrnjacka Banja"]
[Date "2023.03.11"]
[Round "9"]
[White "Bleuzen, Erwan"]
[Black "Bauer, Thomas"]
[Result "0-1"]
[WhiteElo "1937"]
[BlackElo "2151"]
[PlyCount "90"]
[EventDate "2023.03.03"]
[EventType "swiss"]
[EventRounds "11"]
[EventCountry "SRB"]
[SourceTitle "CBM 213"]
[Source "ChessBase"]
[SourceDate "2023.04.30"]
[SourceVersion "1"]
[SourceVersionDate "2023.04.30"]
[SourceQuality "1"]

1. d4 Nf6 2. Nf3 g6 3. c4 Bg7 4. Nc3 0-0 5. e4 d6 6. Be2 Nbd7 7. 0-0 e5 8. d5 Qe7 9. Bg5 h6 10. Bh4 c5 11. Ne1 h5 12. Bg5 a6 13. a3 Qe8 14. b4 Kh8 15. f3 b6 16. g4 Nh7 17. Be3 Ra7 18. gxh5 g5 19. Ra2 Ndf6 20. Kh1 Nxh5 21. Rg1 f6 22. Na4 Rb7 23. Nxb6 Rxb6 24. bxc5 dxc5 25. Bxc5 Rb7 26. Bb4 Rg8 27. c5 Bf8 28. Bxa6 Rbg7 29. Bxc8 Qxc8 30. d6 Qc6 31. Qd5 Qa6 32. Qd3 Qa4 33. Qc4 Nf4 34. Rd2 Qc6 35. Nd3 Nh3 36. Rg3 g4 37. fxg4 Rxg4 38. Nf2 Nxf2+ 39. Rxf2 Rxg3 40. hxg3 Rxg3 41. Rg2 Rxg2 42. Kxg2 Ng5 43. Qd5 Qb5 44. Qd1 Kh7 45. d7 Be7 0-1

[Event "EU-ch 23rd"]
[Site "Vrnjacka Banja"]
[Date "2023.03.10"]
[Round "8"]
[White "Bauer, Thomas"]
[Black "Velkoski, Stojan"]
[Result "1/2-1/2"]
[WhiteElo "2151"]
[BlackElo "1868"]
[PlyCount "125"]
[EventDate "2023.03.03"]
[EventType "swiss"]
[EventRounds "11"]
[EventCountry "SRB"]
[SourceTitle "CBM 213"]
[Source "ChessBase"]
[SourceDate "2023.04.30"]
[SourceVersion "1"]
[SourceVersionDate "2023.04.30"]
[SourceQuality "1"]

1. e4 e6 2. d4 d5 3. Nd2 c5 4. exd5 Qxd5 5. Ngf3 cxd4 6. Bc4 Qd7 7. 0-0 Nc6 8. Nb3 a6 9. Nbxd4 Nxd4 10. Qxd4 Qxd4 11. Nxd4 Bd7 12. Bd2 Bc5 13. Nb3 Bb6 14. Be2 0-0-0 15. c4 Ne7 16. a4 Nc6 17. a5 Nd4 18. Nxd4 Bxd4 19. Ra2 e5 20. b4 Be6 21. Rb1 Rd7 22. Be3 Rhd8 23. Kf1 Rc7 24. Rc1 f5 25. Bg5 Rdd7 26. Bd2 f4 27. Ke1 g5 28. f3 h5 29. h3 Re7 30. Ra4 Bf5 31. Bc3 Be3 32. Bd2 e4 33. fxe4 Bxd2+ 34. Kxd2 Bxe4 35. Rg1 Rcd7+ 36. Kc1 Bd3 37. Bxh5 Bxc4 38. Ra3 Be2 39. Bg6 Rd4 40. Rc3+ Kd8 41. Bf5 Re5 42. Rc8+ Ke7 43. Rc7+ Kf6 44. Bc8 Rxb4 45. Bxb7 Rxa5 46. Kd2 Bb5 47. Kc3 Raa4 48. Bd5 Rd4 49. Bg8 Rd3+ 50. Kc2 Rd7 51. Rc5 Re4 52. Rc3 Re2+ 53. Kb3 Rdd2 54. g3 Re3 55. gxf4 Rxc3+ 56. Kxc3 Rd3+ 57. Kc2 gxf4 58. Rg4 Ke5 59. Rg5+ Kd4 60. Rd5+ Ke3 61. Re5+ Kd4 62. Rd5+ Ke3 63. Re5+ 1/2-1/2

[Event "EU-ch 23rd"]
[Site "Vrnjacka Banja"]
[Date "2023.03.09"]
[Round "7"]
[White "Van Dael, Siem"]
[Black "Bauer, Thomas"]
[Result "1-0"]
[WhiteElo "2312"]
[BlackElo "2151"]
[PlyCount "85"]
[EventDate "2023.03.03"]
[EventType "swiss"]
[EventRounds "11"]
[EventCountry "SRB"]
[SourceTitle "CBM 213"]
[Source "ChessBase"]
[SourceDate "2023.04.30"]
[SourceVersion "1"]
[SourceVersionDate "2023.04.30"]
[SourceQuality "1"]

1. e4 c5 2. Nf3 d6 3. d4 cxd4 4. Nxd4 Nf6 5. Nc3 a6 6. Be3 e6 7. f3 b5 8. Qd2 Nbd7 9. 0-0-0 h5 10. a3 Bb7 11. Kb1 Rc8 12. Rg1 Be7 13. g3 Ne5 14. h3 Qc7 15. g4 g6 16. Qf2 Qb8 17. Bc1 Ba8 18. Na2 Kf8 19. g5 Nfd7 20. f4 Nc6 21. Nf3 Kg8 22. Bd3 a5 23. b3 Nc5 24. Bb2 Rh7 25. Qe2 Bf8 26. Rd2 Ne7 27. Rdd1 d5 28. Bxb5 dxe4 29. Ne5 Nd5 30. Rgf1 Ne3 31. Qxe3 Qxb5 32. Rf2 Qb8 33. Rfd2 Bd5 34. Nc3 Nd3 35. Nd7 Nxb2 36. Nxb8 Nxd1 37. Rxd1 Bc5 38. Qe2 Rxb8 39. Nxd5 exd5 40. Rxd5 Bxa3 41. Rxa5 Bb4 42. Rb5 Rxb5 43. Qxb5 1-0

[Event "AUT-chT2O 2223"]
[Site "Austria"]
[Date "2023.02.18"]
[Round "8.3"]
[White "Hajek, Oskar"]
[Black "Bauer, Thomas"]
[Result "1-0"]
[WhiteElo "2220"]
[BlackElo "2105"]
[PlyCount "65"]
[EventDate "2022.10.15"]
[EventType "team-tourn"]
[EventRounds "11"]
[EventCountry "AUT"]
[SourceTitle "CBM 213 Extra"]
[Source "ChessBase"]
[SourceDate "2023.05.31"]
[SourceVersion "1"]
[SourceVersionDate "2023.05.31"]
[SourceQuality "1"]
[WhiteTeam "Mistelbach/Altlichtenwarth"]
[BlackTeam "Ottakring"]
[WhiteTeamCountry "AUT"]
[BlackTeamCountry "AUT"]

1. d4 Nf6 2. c4 e6 3. Nf3 Bb4+ 4. Bd2 c5 5. Bxb4 cxb4 6. e3 b6 7. Bd3 Bb7 8. Nbd2 a5 9. e4 d6 10. 0-0 Nfd7 11. e5 dxe5 12. Ne4 Nf6 13. Nxf6+ gxf6 14. dxe5 Nd7 15. c5 Nxc5 16. Bb5+ Ke7 17. exf6+ Kxf6 18. Qc1 Rg8 19. Rd1 Qb8 20. Qe3 Rg4 21. Rd4 Rg6 22. Nh4 e5 23. Rd2 Rg5 24. Rad1 Ne6 25. Rd6 Rh5 26. f4 Kg7 27. f5 Ng5 28. Qxe5+ Kg8 29. Qf6 Qf8 30. Rd8 Ne4 31. Rxf8+ Rxf8 32. Qe7 Nc5 33. Rd4 1-0

[Event "Mittelfrank Regionalliga Nord-Ost 2223"]
[Site "Mittelfranken"]
[Date "2022.11.27"]
[Round "3.1"]
[White "Bauer, Thomas"]
[Black "Stertkuhl, Eric"]
[Result "1-0"]
[WhiteElo "2127"]
[BlackElo "2045"]
[PlyCount "83"]
[EventDate "2022.10.09"]
[EventType "team-tourn"]
[EventRounds "9"]
[EventCountry "GER"]
[SourceTitle "EXT 2024"]
[Source "ChessBase"]
[SourceDate "2023.10.10"]
[SourceVersion "1"]
[SourceVersionDate "2023.10.10"]
[SourceQuality "1"]
[WhiteTeam "Regensburg Bavaria II"]
[BlackTeam "Heng Postbauer"]
[WhiteTeamCountry "GER"]
[BlackTeamCountry "GER"]

1. e4 e6 2. d4 d5 3. Nd2 dxe4 4. Nxe4 Bd7 5. Nf3 Bc6 6. Bd3 Bxe4 7. Bxe4 c6 8. c3 Nf6 9. Bc2 Bd6 10. Qd3 Nbd7 11. Bd2 Qc7 12. 0-0-0 0-0-0 13. Kb1 h6 14. c4 e5 15. dxe5 Nxe5 16. Qf5+ Ned7 17. Ba5 b6 18. Bc3 g6 19. Qh3 Kb7 20. Ba4 Ne4 21. Bxh8 Rxh8 22. Rhf1 Ndc5 23. Bc2 a5 24. Bxe4 Nxe4 25. Nd2 Nc5 26. Rfe1 f5 27. Re2 Qg7 28. Nb3 Nxb3 29. axb3 Kc7 30. Re6 Rd8 31. Qf3 Qf7 32. Qe2 Bc5 33. Rxc6+ Kxc6 34. Rxd8 Kc7 35. Qe8 Qxe8 36. Rxe8 Bxf2 37. Re6 g5 38. Rxh6 Bd4 39. g3 Kd7 40. Kc2 g4 41. Kd3 Bxb2 42. Rxb6 1-0

[Event "AUT-chT2O 2223"]
[Site "Austria"]
[Date "2022.10.16"]
[Round "2.6"]
[White "Bauer, Thomas"]
[Black "Dotzer, Lukas"]
[Result "0-1"]
[WhiteElo "2105"]
[BlackElo "2184"]
[PlyCount "58"]
[EventDate "2022.10.15"]
[EventType "team-tourn"]
[EventRounds "11"]
[EventCountry "AUT"]
[SourceTitle "EXT 2024"]
[Source "ChessBase"]
[SourceDate "2023.10.10"]
[SourceVersion "1"]
[SourceVersionDate "2023.10.10"]
[SourceQuality "1"]
[WhiteTeam "Ottakring"]
[BlackTeam "Donaustadt"]
[WhiteTeamCountry "AUT"]
[BlackTeamCountry "AUT"]

1. e4 c5 2. Nf3 e6 3. d4 cxd4 4. Nxd4 Nc6 5. Nc3 Qc7 6. Be3 a6 7. g4 b5 8. Nxc6 Qxc6 9. Qd2 b4 10. Ne2 Qxe4 11. Rg1 Qc6 12. 0-0-0 d5 13. f4 Nf6 14. Nd4 Qa4 15. Kb1 Ne4 16. Qe1 Bb7 17. g5 0-0-0 18. Nb3 Bd6 19. Bb6 Rd7 20. Qe3 Kb8 21. Bd4 f6 22. gxf6 gxf6 23. Bd3 Rf8 24. Ba7+ Ka8 25. Nd4 e5 26. Ne6 d4 27. Qe2 Nc3+ 28. bxc3 bxc3 29. Bxd4 Qb4+ 0-1

[Event "Nova Gorica op-A 26th"]
[Site "Nova Gorica"]
[Date "2022.09.22"]
[Round "9"]
[White "Stevanic, David"]
[Black "Bauer, Thomas"]
[Result "1-0"]
[WhiteElo "2261"]
[BlackElo "2200"]
[PlyCount "91"]
[EventDate "2022.09.16"]
[EventType "swiss"]
[EventRounds "9"]
[EventCountry "SLO"]
[SourceTitle "CBM 210 Extra"]
[Source "ChessBase"]
[SourceDate "2022.11.30"]
[SourceVersion "1"]
[SourceVersionDate "2022.11.30"]
[SourceQuality "1"]

1. e4 c5 2. c3 Nf6 3. e5 Nd5 4. d4 cxd4 5. Nf3 e6 6. cxd4 d6 7. Bc4 Be7 8. 0-0 0-0 9. Qe2 b6 10. Rd1 Bb7 11. Bxd5 exd5 12. Nc3 Na6 13. Bf4 Nc7 14. Rac1 Re8 15. Qc2 Ne6 16. Be3 Rc8 17. Qb3 dxe5 18. dxe5 Nc5 19. Qc2 Qd7 20. b4 Ne6 21. Qb3 d4 22. Nxd4 Nxd4 23. Rxd4 Qf5 24. f4 Bxg2 25. Ne2 Bf3 26. Ng3 Qh3 27. Qb2 Rxc1+ 28. Bxc1 a5 29. a3 b5 30. Qf2 Bb7 31. Qf1 Qc8 32. Be3 axb4 33. axb4 Qc6 34. f5 Bd8 35. Rd6 Qc3 36. Bd4 Qxb4 37. Qd1 Ba5 38. f6 gxf6 39. Nh5 Kh8 40. Nxf6 Rc8 41. e6 Rc1 42. Qxc1 Qxd6 43. Nd5+ Kg8 44. Qg5+ Kf8 45. e7+ Ke8 46. Qg8+ 1-0

[Event "Nova Gorica op-A 26th"]
[Site "Nova Gorica"]
[Date "2022.09.21"]
[Round "8"]
[White "Bauer, Thomas"]
[Black "Charaus, Florian"]
[Result "1-0"]
[WhiteElo "2200"]
[BlackElo "1993"]
[PlyCount "77"]
[EventDate "2022.09.16"]
[EventType "swiss"]
[EventRounds "9"]
[EventCountry "SLO"]
[SourceTitle "CBM 210 Extra"]
[Source "ChessBase"]
[SourceDate "2022.11.30"]
[SourceVersion "1"]
[SourceVersionDate "2022.11.30"]
[SourceQuality "1"]

1. e4 c6 2. Nf3 d5 3. Nc3 dxe4 4. Nxe4 Nf6 5. Nxf6+ exf6 6. Bc4 Bd6 7. Qe2+ Qe7 8. Qxe7+ Bxe7 9. 0-0 0-0 10. h3 Nd7 11. d4 Bd6 12. Re1 Nb6 13. Be2 Re8 14. c4 Bb4 15. Bd2 Bxd2 16. Nxd2 Bf5 17. Nb3 Na4 18. Na5 Rad8 19. b3 Nc3 20. Bf3 Kf8 21. Nxb7 Rxe1+ 22. Rxe1 Rxd4 23. Bxc6 g5 24. a4 Bc2 25. Nc5 Rd2 26. a5 Ne2+ 27. Kf1 Nd4 28. Ba4 h5 29. a6 f5 30. b4 Bxa4 31. Nxa4 Ra2 32. Nc5 Rc2 33. Nd7+ Kg7 34. Ne5 f6 35. Nf3 Rxc4 36. Nxd4 Rxd4 37. Re7+ Kg8 38. Rb7 Rd2 39. Rxa7 1-0

[Event "Nova Gorica op-A 26th"]
[Site "Nova Gorica"]
[Date "2022.09.18"]
[Round "4"]
[White "Bauer, Thomas"]
[Black "Budai, Federico"]
[Result "1-0"]
[WhiteElo "2200"]
[BlackElo "1712"]
[PlyCount "163"]
[EventDate "2022.09.16"]
[EventType "swiss"]
[EventRounds "9"]
[EventCountry "SLO"]
[SourceTitle "CBM 210 Extra"]
[Source "ChessBase"]
[SourceDate "2022.11.30"]
[SourceVersion "1"]
[SourceVersionDate "2022.11.30"]
[SourceQuality "1"]

1. e4 e5 2. Bc4 Nf6 3. d3 c6 4. Nf3 d5 5. Bb3 a5 6. Nc3 Bb4 7. a3 Bxc3+ 8. bxc3 a4 9. Ba2 Qd6 10. 0-0 0-0 11. Bg5 dxe4 12. dxe4 Qxd1 13. Rfxd1 Nxe4 14. Be7 Re8 15. Nxe5 Be6 16. Bxe6 fxe6 17. c4 Na6 18. Bh4 g5 19. Bg3 Nxg3 20. hxg3 Rad8 21. Nd7 Kf7 22. Rd3 Ke7 23. Rad1 b5 24. Ne5 Rxd3 25. Rxd3 Nb8 26. Rf3 Rf8 27. Re3 Kd6 28. Nf3 h6 29. cxb5 cxb5 30. Nd4 Rf6 31. Nxb5+ Kc6 32. Nc3 Na6 33. Nxa4 Nc7 34. c4 Rf5 35. Nb2 Kd6 36. Nd3 Na6 37. g4 Ra5 38. Nb4 Nxb4 39. axb4 Ra1+ 40. Kh2 Rb1 41. b5 Rc1 42. Re4 Rc2 43. Kg3 e5 44. Kf3 Rc3+ 45. Ke2 Rc2+ 46. Ke1 Kc5 47. g3 Kd6 48. Kf1 Rc1+ 49. Kg2 Rc2 50. Kf3 Rc3+ 51. Ke2 Rc2+ 52. Ke3 Rc3+ 53. Kd2 Rf3 54. Re2 Ra3 55. Kc1 Kc5 56. Rxe5+ Kxc4 57. b6 Rc3+ 58. Kd2 Rd3+ 59. Ke2 Rd6 60. b7 Rb6 61. Re7 Kd5 62. Rh7 Ke4 63. Re7+ Kd4 64. Kf3 Rb3+ 65. Kg2 Rb6 66. Kh3 Rb1 67. f4 Rh1+ 68. Kg2 Rb1 69. f5 Rb2+ 70. Kf3 Rb3+ 71. Ke2 Kd5 72. Kd2 Kd6 73. f6 Rb2+ 74. Kc3 Rb1 75. Kc4 Rb2 76. Kd4 Rb4+ 77. Ke3 Rb1 78. Ke4 Rb5 79. Rh7 Ke6 80. f7 Rb4+ 81. Ke3 Rb3+ 82. Kd4 1-0

[Event "Nova Gorica op-A 26th"]
[Site "Nova Gorica"]
[Date "2022.09.17"]
[Round "3"]
[White "Verbin, Valentina"]
[Black "Bauer, Thomas"]
[Result "1-0"]
[WhiteElo "2049"]
[BlackElo "2200"]
[PlyCount "55"]
[EventDate "2022.09.16"]
[EventType "swiss"]
[EventRounds "9"]
[EventCountry "SLO"]
[SourceTitle "CBM 210 Extra"]
[Source "ChessBase"]
[SourceDate "2022.11.30"]
[SourceVersion "1"]
[SourceVersionDate "2022.11.30"]
[SourceQuality "1"]

1. e4 d6 2. d4 Nf6 3. Nc3 a6 4. a4 g6 5. Nf3 Bg7 6. Be2 0-0 7. 0-0 Bg4 8. Be3 c6 9. a5 Qc7 10. h3 Bxf3 11. Bxf3 Nbd7 12. Be2 Rfe8 13. g4 Nf8 14. f4 e5 15. dxe5 dxe5 16. g5 N6d7 17. f5 gxf5 18. exf5 e4 19. Qe1 Be5 20. Qh4 Bg3 21. Qh6 Re5 22. Bc4 Rd5 23. Bxd5 cxd5 24. Nxd5 Qxc2 25. Ne7+ Kh8 26. Bd4+ f6 27. Bxf6+ Nxf6 28. Qxf6# 1-0

[Event "Nova Gorica op-A 26th"]
[Site "Nova Gorica"]
[Date "2022.09.16"]
[Round "1"]
[White "Fercec, Nenad"]
[Black "Bauer, Thomas"]
[Result "1/2-1/2"]
[WhiteElo "2403"]
[BlackElo "2200"]
[PlyCount "70"]
[EventDate "2022.09.16"]
[EventType "swiss"]
[EventRounds "9"]
[EventCountry "SLO"]
[SourceTitle "CBM 210 Extra"]
[Source "ChessBase"]
[SourceDate "2022.11.30"]
[SourceVersion "1"]
[SourceVersionDate "2022.11.30"]
[SourceQuality "1"]

1. e4 c5 2. Nf3 d6 3. d4 cxd4 4. Qxd4 h6 5. Be2 Nc6 6. Qe3 g6 7. 0-0 Bg7 8. c4 Nf6 9. Nc3 0-0 10. Rb1 Bg4 11. b3 Re8 12. Bb2 e6 13. Rfd1 Bxf3 14. Bxf3 d5 15. cxd5 exd5 16. Nxd5 Ne5 17. Be2 g5 18. Bb5 Re6 19. Nxf6+ Qxf6 20. Bd7 Rd6 21. Rxd6 Qxd6 22. Bf5 Rd8 23. h4 gxh4 24. Qxa7 Qd3 25. Rf1 Qe2 26. Bc3 Nc6 27. Qxb7 Rd1 28. Qc8+ Bf8 29. Rxd1 Qxd1+ 30. Kh2 Qd6+ 31. e5 Qc5 32. Be4 Qxc3 33. Bxc6 Qxe5+ 34. Kh3 h5 35. Bf3 Kg7 1/2-1/2